| 000 | 00633nam a2200193Ia 4500 | ||
|---|---|---|---|
| 005 | 20250508151154.0 | ||
| 008 | 008 250505s9999 xx 000 0 eng d | ||
| 037 | _aTextual | ||
| 040 |
_aFEDL _beng _cFEDL |
||
| 041 |
_aeng _2eng |
||
| 084 |
_a371.73, CAS _qFEDL |
||
| 100 |
_aCassidy Rosalind _9756790 |
||
| 245 | 0 | _aPhysical fitness for girls : A textbook for teacher education and a guide to teachers in curriculum revision | |
| 260 |
_aNew York, USA _bA S Barnes and Company _c1943 |
||
| 300 | _axv,223p | ||
| 700 |
_a Kozman Hilda Clute _9758602 |
||
| 942 |
_cTEXL _h371.73, CAS |
||
| 999 |
_c1328051 _d1328051 |
||